| 000 | 00555nam a22001817a 4500 | ||
|---|---|---|---|
| 005 | 20251108173447.0 | ||
| 008 | 250721s2003 xx 000 0 ara d | ||
| 082 | 1 | 4 | _a210.42076/ سلي |
| 100 | 1 | _aسليمان، صبحي | |
| 245 | 1 | 0 | _aألف و خمسمائة معلومة إسلامية / |
| 264 | 1 |
_aالقاهره : _bمكتبة الصفا، _c2003. |
|
| 300 | _a143ص. | ||
| 650 | 1 | 7 | _aالأسئلة و الأجوبة |
| 650 | 1 | 7 | _aالمعلومات |
| 653 | _aالمسابقات الدينية | ||
| 942 |
_2ddc _cBK |
||
| 999 |
_c104424 _d104424 |
||